00886nam a22002537a 4500003001100000005001700011008004100028040003900069041000800108082001300116100002500129245010900154260006300263300002000326490002600346650003000372650003700402650003000439650003200469650002100501942000700522952008800529999001500617LK-CoMWRAF20240106124113.0240106b1992 |||||||| |||| 00| 0 eng d aLK-CoMWRAFdLK-CoMWRAFeLK-CoMWRAF aeng a415bSIR a Siriwardena, Reggie aAddressing the other : ba three language study in power, personal relations, and second person pronouns a Colombo:b International Centre for Ethnic Studies,c1992 a 75 p. ; 22 cm. aICES monograph series aEnglish language- Pronoun aEnglish language -Social aspects aRussian language- Pronoun aSinhalese language- Pronoun aSociolinguistics cBK 00104070aMAINbMAINd2024-01-06l0o415 SIRpRAF4680r2024-01-06w2024-01-06yBK c4593d4593